Osudová láska /

Hlavní autor: James, Eloisa, 1962-
Jazyk: Čeština
Vydáno: Ostrava : Domino, 2011
Vydání: Vyd. 1.
Témata:
Fyzický popis: 303 s. ; 21 cm
Knihy
Uloženo v:
LEADER 01178nam a2200361 a 4500
001 nkc20112165799
003 CZ PrNK
005 20110405152246.0
007 ta
008 110211s2011 xr g 000 f cze
015 |a cnb002165799 
020 |a 978-80-7303-597-6  |q (váz.) 
035 |a (OCoLC)713797346 
040 |a BOA001  |b cze  |d ABA001 
041 1 |a cze  |h eng 
072 7 |a 821.111(73)-3  |x Americká próza  |2 Konspekt  |9 25 
080 |a 821.111(73)-31  |2 MRF 
080 |a (0:82-312.5)  |2 MRF 
100 1 |a James, Eloisa,  |d 1962-  |7 kv2009497006  |4 aut 
245 1 0 |a Osudová láska /  |c Eloisa James ; [z anglického originálu ... přeložila Alena Horváthová] 
250 |a Vyd. 1. 
260 |a Ostrava :  |b Domino,  |c 2011 
300 |a 303 s. ;  |c 21 cm 
655 7 |a americké romány  |7 fd131796  |2 czenas 
655 7 |a milostné romány  |7 fd132840  |2 czenas 
655 9 |a American fiction  |2 eczenas 
655 9 |a love novels  |2 eczenas 
765 0 |t Affair before Christmas  |9 Česky 
910 2 |a BOA001  |b 2-1260.840 
990 |a BK 
995 |a 01 
991 |b 201104  |e b 
996 6 |b 2610473114  |c 2-1260.840  |l MZK  |r Sklad / do 1 hodiny  |n 2  |p p.v.  |w 001173040  |u 000010  |a 1  |e BOA001  |j MZK50  |s P